Numerical analysis in engineering, revised ed / (Record no. 6188)
[ view plain ]
| 000 -LEADER | |
|---|---|
| fixed length control field | 01383nam a2200181 a 4500 |
| 020 ## - INTERNATIONAL STANDARD BOOK NUMBER | |
| ISBN | 1842654020 (hardcover) |
| 020 ## - INTERNATIONAL STANDARD BOOK NUMBER | |
| ISBN | 9781842654026 (hardcover) |
| 100 1# - MAIN ENTRY--AUTHOR NAME | |
| Personal name | Bhat, R. B. |
| 245 10 - TITLE STATEMENT | |
| Title | Numerical analysis in engineering, revised ed / |
| 250 ## - EDITION STATEMENT | |
| Edition statement | 1 Revised. |
| 260 ## - PUBLICATION, DISTRIBUTION, ETC. (IMPRINT) | |
| Place of publication | [S.l.] : |
| Name of publisher | Alpha Science Int'l Ltd, |
| Year of publication | 2007. |
| 300 ## - PHYSICAL DESCRIPTION | |
| Number of Pages | 330 p. ; |
| 520 ## - SUMMARY, ETC. | |
| Summary, etc | "Numerical Analysis in Engineering" deals with the methods of obtaining numerical solutions to engineering problems. The topics discussed are normally covered in undergraduate engineering programs. These include an introduction to digital computers, function representation using Taylor's series, error considerations in iterative type computations, searching for roots of equations in a single variable, solution of simultaneous equations, function approximation and interpolation, numerical integration and differentiation, matrix eigenvalue problems, solution of nonlinear system of equations, and solution of ordinary and partial differential equations. Advanced topics such as the generation of boundary characteristic orthogonal polynomials, boundary value problems have also been dealt with. |
| 856 40 - ELECTRONIC LOCATION AND ACCESS | |
| Uniform Resource Identifier | http://www.amazon.com/exec/obidos/ASIN/1842654020/chopaconline-20 |
| Withdrawn status | Lost status | Home library | Current library | Date acquired | Cost, normal purchase price | Full call number | Accession Number | Koha item type |
|---|---|---|---|---|---|---|---|---|
| Central Library, QUEST, Nawabshah | Stacks area | 11/06/2014 | 650.00 | 511.8BHA | 42350 | Books |